Quais países possuem títulos na F1? - Statistics

Estatísticas Gerais
  • Esse quiz foi jogado 129 vezes
  • A pontuação média é 12 de 15
Estatísticas das Respostas
Hint Resposta % Correto
8 Títulos Brasil
100%
12 Títulos Alemanha
98%
20 Títulos Reino Unido
98%
2 Títulos Espanha
96%
3 Títulos Itália
92%
5 Títulos Argentina
91%
2 Títulos Estados Unidos
90%
4 Títulos França
88%
3 Títulos Holanda
84%
1 Título Canadá
79%
4 Títulos Austrália
74%
4 Títulos Finlândia
72%
4 Títulos Áustria
68%
1 Título Nova Zelândia
50%
1 Título África do Sul
44%
Nenhum quiz correspondente encontrado
Distribuição das Pontuações
Porcentagem de Pessoas com Cada Pontuação
Percentil de Números Respondidos
Sua Pontuação Histórica
Você não jogou esse quiz